| 000 | 02293cam a22003495i 4500 | ||
|---|---|---|---|
| 999 |
_c27798 _d27769 |
||
| 001 | 3503790 | ||
| 003 | EG-ScBUE | ||
| 005 | 20191209105842.0 | ||
| 008 | 950118r19991995enk f b 001 0 eng d | ||
| 020 | _a052148183X (hardback) | ||
| 020 | _a9780521481830 (hardback) | ||
| 040 |
_aDLC _beng _erda _cDLC _dDLC _dEG-ScBUE |
||
| 082 | 0 | 4 |
_a327.09049 _bBRI _222 |
| 245 | 0 | 0 |
_aBringing transnational relations back in : _bnon-state actors, domestic structures and international institutions / _cedited by Thomas Risse-Kappen, University of Konstanz. |
| 250 | _aReprint edition. | ||
| 264 | 1 |
_aCambridge, UK ; _aNew York, USA : _bCambridge University Press : _bThe Press Syndicate of The University of Cambridge, _c1999. |
|
| 300 |
_axvi, 323 pages ; _c24 cm. |
||
| 336 |
_atext _btxt _2rdacontent |
||
| 337 |
_aunmediated _bn _2rdamedia |
||
| 338 |
_avolume _bnc _2rdacarrier |
||
| 490 | 0 |
_aCambridge studies in international relations ; _v42 |
|
| 504 | _aIncludes bibliographical references and index. | ||
| 520 | _aTaking a fresh look at the impact of non-state actors on world politics and on the foreign policies of states, this book revives the debate on transnational relations which started in the 1970s. This debate withered away in the face of state-centered approaches, but this book's new approach emphasizes the interaction of states and transnational actors, arguing that domestic structures of the state as well as international institutions mediate the policy influence of transnational actors. Empirical chapters examine the European Economic and Monetary Union, US-Japanese transnational relations, multinational corporations in East Asia, Soviet and Russian security policy, democratization in Eastern Europe, and ivory management in Africa. The book concludes with chapters discussing the theoretical implications of the findings in the empirical studies. | ||
| 650 | 7 |
_aInternational relations. _2BUEsh |
|
| 650 | 7 |
_aWorld politics _y1989- _2BUEsh |
|
| 653 |
_bMASPPSS _bBUSBOL _cNovember2019 |
||
| 655 | _vReading book | ||
| 700 | 2 |
_aRisse-Kappen, Thomas, _eeditor. _912574 |
|
| 856 | 4 | 2 |
_3Publisher description _uhttp://www.loc.gov/catdir/description/cam026/95000866.html |
| 856 | 4 | 1 |
_3Table of contents _uhttp://www.loc.gov/catdir/toc/cam022/95000866.html |
| 942 |
_2ddc _cBB |
||